Vulcões (Registo nº 4378)
[ vista simples ]
| 000 -Etiqueta do registo | |
|---|---|
| Cabeçalho | 00673cam a2200241 4500 |
| 005 - Identificador da versão | |
| Campo de controlo | 20240813122059.0 |
| 010 ## - Número internacional normalizado dos livros (ISBN) | |
| Número (ISBN) | 9722504398 |
| 021 ## - Número do Depósito Legal | |
| Código do país | PT |
| Número | 28662/89 |
| 100 ## - Dados gerais de processamento | |
| Dados gerais de processamento | 20070918d1985 de y0pory5003 ba |
| 102 ## - Pais de publicação ou produção | |
| País de publicação | Portugal |
| 101 1# - Língua de publicação | |
| Língua do texto, banda sonora, etc. | Português |
| Língua do documento no original | Francês |
| 215 ## - Descrição física | |
| Indicação específica da natureza do documento e extensão da espécie | 79 p. |
| Outras indicações físicas | il. |
| Dimensões | 18 cm |
| 200 1# - Titulo e menção de responsabilidade | |
| Título próprio | Vulcões |
| Informação de outro título | sismos e deriva dos continentes |
| Primeira menção de responsabilidade | Pierre Kohler |
| Outras menções de responsabilidade | trad. de Maria Teresa Galväo |
| 210 ## - Publicação, Distribuição, etc. | |
| Lugar da edição, distribuição, etc. | Venda Nova |
| Nome do editor, distribuidor, etc. | Bertrand |
| Data da publicação, distribuição, etc. | cop. 1985 |
| 304 ## - Notas relativas a título e menção de responsabilidade | |
| Texto da nota | Tit. orig. Les volcans |
| 675 ## - Classificação Decimal Universal (CDU) | |
| Notação | 55 |
| Edição | BN |
| Língua da edição | por |
| 702 #1 - Nome de autor-pessoa física (responsabilidade secundária) | |
| Número de registo de entrada de autoridade | 0001176 |
| Palavra de ordem | Galvão |
| Outra parte do nome não tomada para palavra de ordem | Maria Teresa |
| Código de função | Tradutor |
| 700 #1 - Nome de autor-pessoa física (responsabilidade principal) | |
| Número de registo de entrada de autoridade | 0001175 |
| Palavra de ordem | Kohler |
| Outra parte do nome não tomada para palavra de ordem | Pierre |
| 942 ## - Elementos de entrada adicionados (Koha) | |
| Tipo de item no Koha | Livro |
| Situação do levantamento | Origin of item (home branch) (coded) | Biblioteca de empréstimo | Código de barras | Cota | Circulation type (not for loan) | Tipo de documento | Nota do exemplar | Damaged status |
|---|---|---|---|---|---|---|---|---|
| Biblioteca Escolar das Vendas | Biblioteca Escolar das Vendas | BEV1370 | 6 KOH | Livro | Sem mensagem |
